Project management of mega-scale projects /
Saved in:
| Main Author: | |
|---|---|
| Format: | Thesis Book |
| Language: | English |
| Published: |
1989.
|
| Subjects: | |
| Tags: |
Add Tag
No Tags, Be the first to tag this record!
|
| LEADER | 00687cam a2200217 a 4500 | ||
|---|---|---|---|
| 001 | u94367 | ||
| 003 | SIRSI | ||
| 008 | 910626s1989 si v 00 1 eng m | ||
| 035 | |a AAK-3094 | ||
| 040 | |a UMM | ||
| 090 | |a T56.8 |b Lim | ||
| 100 | 1 | 0 | |a Lim, Ee Seng. |
| 245 | 1 | 0 | |a Project management of mega-scale projects / |c by Lim Ee Seng. |
| 260 | 1 | |c 1989. | |
| 300 | |a 125 leaves ; |c 30 cm. | ||
| 502 | |a Dissertation (M.Sc.) -- National University of Singapore, 1989. | ||
| 504 | |a Bibliography: leaves 102-107. | ||
| 650 | 0 | |a Project management. | |
| 948 | |a 13/08/1991 |b 27/08/2002 | ||
| 596 | |a 1 | ||
| 999 | |a T56.8 LIM |w LC |c 1 |i A010706515 |d 12/12/2014 |e 12/12/2014 |l STACKS |m P01UTAMA |n 7 |r Y |s Y |t TESIS |u 20/2/1992 | ||
